<?xml version="1.0" encoding="UTF-8"?><?xml-stylesheet type="text/xsl" href="static/style.xsl"?><OAI-PMH xmlns="http://www.openarchives.org/OAI/2.0/" xmlns:xsi="http://www.w3.org/2001/XMLSchema-instance" xsi:schemaLocation="http://www.openarchives.org/OAI/2.0/ http://www.openarchives.org/OAI/2.0/OAI-PMH.xsd"><responseDate>2026-04-17T04:49:13Z</responseDate><request verb="GetRecord" identifier="oai:riubu.ubu.es:10259/9537" metadataPrefix="marc">https://riubu.ubu.es/oai/request</request><GetRecord><record><header><identifier>oai:riubu.ubu.es:10259/9537</identifier><datestamp>2024-09-06T00:05:25Z</datestamp><setSpec>com_10259_5501</setSpec><setSpec>com_10259_5086</setSpec><setSpec>com_10259_2604</setSpec><setSpec>com_10259_7877</setSpec><setSpec>col_10259_5502</setSpec><setSpec>col_10259_8289</setSpec></header><metadata><record xmlns="http://www.loc.gov/MARC21/slim" xmlns:doc="http://www.lyncode.com/xoai" xmlns:xsi="http://www.w3.org/2001/XMLSchema-instance" xmlns:dcterms="http://purl.org/dc/terms/" xsi:schemaLocation="http://www.loc.gov/MARC21/slim http://www.loc.gov/standards/marcxml/schema/MARC21slim.xsd">
<leader>00925njm 22002777a 4500</leader>
<datafield tag="042" ind1=" " ind2=" ">
<subfield code="a">dc</subfield>
</datafield>
<datafield tag="720" ind1=" " ind2=" ">
<subfield code="a">Mariscal Saldaña, Miguel Ángel</subfield>
<subfield code="e">author</subfield>
</datafield>
<datafield tag="720" ind1=" " ind2=" ">
<subfield code="a">López Santamaría, Clara</subfield>
<subfield code="e">author</subfield>
</datafield>
<datafield tag="720" ind1=" " ind2=" ">
<subfield code="a">Ortiz Barcina, Sergio</subfield>
<subfield code="e">author</subfield>
</datafield>
<datafield tag="720" ind1=" " ind2=" ">
<subfield code="a">López Perea, Eva María</subfield>
<subfield code="e">author</subfield>
</datafield>
<datafield tag="260" ind1=" " ind2=" ">
<subfield code="c">2022-11</subfield>
</datafield>
<datafield tag="520" ind1=" " ind2=" ">
<subfield code="a">Es necesario introducir en asignaturas de prevención de riesgos&#xd;
laborales nuevos conocimientos sobre las novedosas tecnologías&#xd;
disponibles en industria. Por ello, con la aparición de los&#xd;
robots colaborativos (cobots) se plantea una práctica para su&#xd;
uso y conocimiento por parte del estudiante dentro de la parte&#xd;
de seguridad en máquinas.</subfield>
</datafield>
<datafield tag="520" ind1=" " ind2=" ">
<subfield code="a">It is necessary to introduce in occupational risk prevention subjects&#xd;
new knowledge about the new technologies available in&#xd;
industry. For this reason, with the appearance of collaborative&#xd;
robots (cobots) the student within the part of machine safety&#xd;
proposes a practice for its use and knowledge.</subfield>
</datafield>
<datafield tag="024" ind2=" " ind1="8">
<subfield code="a">2172-6957</subfield>
</datafield>
<datafield tag="024" ind2=" " ind1="8">
<subfield code="a">http://hdl.handle.net/10259/9537</subfield>
</datafield>
<datafield tag="024" ind2=" " ind1="8">
<subfield code="a">10.23800/10533</subfield>
</datafield>
<datafield ind1=" " ind2=" " tag="653">
<subfield code="a">Cobot</subfield>
</datafield>
<datafield ind1=" " ind2=" " tag="653">
<subfield code="a">Simulación</subfield>
</datafield>
<datafield ind1=" " ind2=" " tag="653">
<subfield code="a">PRL</subfield>
</datafield>
<datafield ind1=" " ind2=" " tag="653">
<subfield code="a">Máquinas</subfield>
</datafield>
<datafield ind1=" " ind2=" " tag="653">
<subfield code="a">Simulation</subfield>
</datafield>
<datafield ind1=" " ind2=" " tag="653">
<subfield code="a">Occupational risk prevention</subfield>
</datafield>
<datafield ind1=" " ind2=" " tag="653">
<subfield code="a">Machines</subfield>
</datafield>
<datafield tag="245" ind1="0" ind2="0">
<subfield code="a">Mejora de las asignaturas relativas a prevención de riesgos laborales con la introducción de la robótica colaborativa</subfield>
</datafield>
</record></metadata></record></GetRecord></OAI-PMH>